000 00310nam a22001337a 4500
020 _a0-679-86950-6
082 _a823
_bFAR/B
100 _aFARLEY, WALTER
245 _aTHE BLACK STALLION'S GHOST
260 _aNEW YORK
_bRANDOM HOUSE
_c1999
300 _a159
650 _aSTORY BOOK
_zUNITED STATES
942 _cBK
999 _c3233
_d3233